000 01125nam a2200313 i 4500
001 18640
003 ES-MaACL
005 20250505180652.0
007 t|
008 020218s1993 sp ||||0| spa j
020 _a84-88306-03-2
040 _aM-BN
_bspa
_cM-BN
080 _a32(460.11)"1990/..."
080 _a342.25(460.11)"1981"(094.5)
245 0 3 _aLa Galicia del año 2000 /
_cManuel Fraga Iribarne ... [et al.].
260 _aMadrid :
_bFundación Cánovas del Castillo,
_cD.L. 1993.
300 _a198 p ;
_c21 cm.
490 1 _aVeintiuno
500 _aIncluye (p. 127-191): Estatuto de autonomía de Galicia / comentado por Enrique Orduña Rebollo.
610 1 7 _aGalicia.
_tEstatuto de autonomía, 1981.
_94459
651 4 _aGalicia-
_xPolítica y gobierno-
_y1990-
_98736
700 1 _aFraga Iribarne, Manuel,
_d1922-2012
_9193721
700 1 _aOrduña Rebollo, Enrique.
_987213
710 1 _aGalicia.
_tEstatuto de autonomía, 1981.
_94459
710 2 _aFundación Cánovas del Castillo.
_94244
830 0 _aVeintiuno
_9180481
852 _aES-MaACL
_jL-25215
_bR.130744
999 _c18640
_d18640